| 000 | 00637nam a22001937a 4500 | ||
|---|---|---|---|
| 999 |
_c63984 _d63984 |
||
| 003 | Ge_BSU | ||
| 005 | 20260304111714.0 | ||
| 008 | 260304s2010 enk||||| |||| 00| 0 eng d | ||
| 020 | _a9780754649540x | ||
| 041 | _ageo | ||
| 080 | _a069(520) M-85 | ||
| 100 |
_aMorishita, Masaaki _927041 |
||
| 245 |
_aThe Empty Museum : _bWestern Cultures and the Artistic Field in Modern Japan / _cMasaaki Morishita. |
||
| 264 |
_aLondon : _bRoutledge, _c2010. |
||
| 300 |
_a150 p.; _b24 sm. |
||
| 653 | _aმუზეუმი იაპონიაში | ||
| 653 | _aიაპონიის კულტურა | ||
| 942 |
_2udc _cᲬᲘᲒᲜᲘ |
||